00553 2200205 4500001002100000005001500021035002000036245007600056100001700132250000600149300003600155700001400191260003700205082001100242084001700253020002200270650002100292990001700313990001700330INLIS00000000000017520180905014041 a0010-09180000291 aBagaimana Menjadi Guru Penulis ? /cCepi Triatna; Penyunting, Ridaswati0 aCepi Triatna a- avi, 122 hlm. :bilus. ;c21 cm.0 aRidaswati aBandung :bCV Citra Praya,c2008 a808.02 a808.02 CEP b a978-979-035-028-1 aTeknik Penulisan a00749/P/2018 a00750/P/2018